Artists / Singers by their Songs #15 - Statistics

General Stats
  • This quiz has been taken 191 times
  • The average score is 4 of 10
Answer Stats
Hint Answer % Correct
Yesterday / Come Together / Hey Jude / Penny Lane The Beatles
95%
Hotel California / Desperado / Take It Easy / Life in the Fast Lane Eagles
85%
September / Boogie Wonderland / Let's Groove / After the Love Has Gone Earth, Wind & Fire
66%
Nothing Compares 2 U / Mandinka / Drink Before the War / The Emperor’s New Clothes Sinéad O'Connor
58%
Morning Has Broken / Father & Son / Wild World / Peace Train Yusuf Islam
36%
Love to Love You Baby / Last Dance / Bad Girls / Dim All the Lights Donna Summer
26%
Skinny Love / Wings / People Help the People / Keeping Your Head Up Birdy
25%
Dance with My Father / Never Too Much / Endless Love / Power of Love/Love Power Luther Vandross
19%
Fight for This Love / Promise This / Call My Name / I Don't Care Cheryl
17%
Spotlight / And I Am Telling You I'm Not Going / If This Isn’t Love / Love You I Do Jennifer Hudson
14%
No matching quizzes found
Score Distribution
Percent of People with Each Score
Percentile by Number Answered
Your Score History
You have not taken this quiz